Transformácia počítačovo realizovaných ekonomicko-matematických metód a modelov na operačný systém počítača EC 1055 záverečná správa etapovej úlohy ŠPEV 903 529 308 - 05/06

Gespeichert in:
Bibliographische Detailangaben
1. Verfasser: Prachárová, Mária
Format: Buch
Sprache:Slowakisch
Veröffentlicht: Bratislava Výskumný ústav ekonomiky poľnohospodárstva a potravinárstva 1984
Tags: Tag hinzufügen
Keine Tags, Fügen Sie das erste Tag hinzu!

MARC

LEADER 00000nam a2200000 4500
001 c106945
005 20181203150259.1
041 0 |a slo 
044 |a SK 
245 1 0 |a Transformácia počítačovo realizovaných ekonomicko-matematických metód a modelov na operačný systém počítača EC 1055  |b záverečná správa etapovej úlohy ŠPEV 903 529 308 - 05/06  |c Mária Prachárová 
264 1 |a Bratislava  |b Výskumný ústav ekonomiky poľnohospodárstva a potravinárstva  |c 1984 
300 |a 29 s. 
100 1 |a Prachárová, Mária